[Event "Pardubice Czech op-A 29th"]
[Site "Pardubice"]
[Date "2018.07.27"]
[Round "8"]
[White "Eriksson, Christian Altenburg"]
[Black "Westerinen, Heikki MJ"]
[Result "1/2-1/2"]
[WhiteElo "2159"]
[BlackElo "2310"]
[PlyCount "61"]
[EventDate "2018.07.20"]
[EventType "swiss"]
[EventRounds "9"]
[EventCountry "CZE"]
[SourceTitle "CBM 185 Extra"]
[Source "ChessBase"]
[SourceDate "2018.07.29"]
[SourceVersion "1"]
[SourceVersionDate "2018.07.29"]
[SourceQuality "1"]

1. e4 e6 2. d4 d5 3. Nd2 c5 4. exd5 exd5 5. Ngf3 Nc6 6. Bb5 Bd6 7. dxc5 Bxc5 8. 0-0 Nge7 9. Nb3 Bd6 10. Nbd4 0-0 11. Bd3 h6 12. h3 Nxd4 13. Nxd4 Nc6 14. Nf5 Bxf5 15. Bxf5 Qf6 16. Bd3 Rfd8 17. Bd2 Qxb2 18. Rb1 Qe5 19. f4 Qd4+ 20. Kh1 b6 21. Qf3 Qf6 22. Rbe1 Bc5 23. Bc3 Bd4 24. Bd2 Qh4 25. Re2 Bc5 26. c3 Rac8 27. Be1 Qf6 28. Qg4 Re8 29. Qd7 Red8 30. Qg4 Re8 31. Qd7 1/2-1/2